[Event "Bayern-ch Seniors 15th"]
[Site "Schloss Schney"]
[Date "2003.06.13"]
[Round "1.14"]
[White "Salomon, Heide"]
[Black "Macher, Claus"]
[Result "0-1"]
[WhiteElo "1654"]
[BlackElo "1977"]
[PlyCount "48"]
[EventDate "2003.06.13"]
[EventType "swiss"]
[EventRounds "9"]
[EventCountry "GER"]
[SourceTitle "EXT 2004"]
[Source "ChessBase"]
[SourceDate "2003.11.25"]
[SourceVersion "1"]
[SourceVersionDate "2003.11.25"]
[SourceQuality "1"]

1. e4 c5 2. d4 cxd4 3. c3 dxc3 4. Nxc3 e6 5. Nf3 a6 6. Bd3 Nc6 7. Be3 Nf6 8. 0-0 Ng4 9. h3 Nxe3 10. fxe3 Bc5 11. Qe2 0-0 12. e5 Be7 13. Rad1 Qc7 14. Ne4 Nxe5 15. Nxe5 Qxe5 16. Qc2 f5 17. Nc3 Qxe3+ 18. Kh1 b5 19. Rde1 Qc5 20. Qe2 Bb7 21. Rc1 Qd6 22. Rcd1 Qg3 23. Bb1 Qxh3+ 24. Kg1 Bc5+ 0-1

[Event "Wuerttemberg-ch Seniors 14th"]
[Site "Ellwangen"]
[Date "2002.??.??"]
[Round "9"]
[White "Sielaff, Rudolf"]
[Black "Salomon, Heide"]
[Result "1-0"]
[WhiteElo "1995"]
[BlackElo "1602"]
[PlyCount "89"]
[EventDate "2002.03.30"]
[EventType "swiss"]
[EventRounds "9"]
[EventCountry "GER"]
[SourceTitle "EXT 2006"]
[Source "ChessBase"]
[SourceDate "2005.11.24"]
[SourceVersion "1"]
[SourceVersionDate "2005.11.24"]
[SourceQuality "1"]

1. d4 Nf6 2. Nf3 e6 3. Bf4 Nc6 4. e3 d5 5. c3 Bd6 6. Bd3 Bxf4 7. exf4 0-0 8. Nbd2 Re8 9. Ne5 g6 10. 0-0 Nxe5 11. fxe5 Nh5 12. f4 f5 13. Be2 Ng7 14. Nf3 Bd7 15. Qe1 Re7 16. Qh4 Nh5 17. Ng5 Rg7 18. Bxh5 gxh5 19. Nf3 Qxh4 20. Nxh4 Rg4 21. g3 h6 22. Kf2 Bb5 23. Rfd1 Kf7 24. b3 Rag8 25. Ke3 Rc8 26. Rac1 c5 27. dxc5 Rxc5 28. Nf3 Rg8 29. Nd4 Bd7 30. Ne2 Rgc8 31. a4 b5 32. b4 Rc4 33. a5 Kg6 34. Rd4 h4 35. Rxc4 Rxc4 36. gxh4 Kh5 37. Rg1 Kxh4 38. Kd3 Rc8 39. Rg7 Rd8 40. Kd4 Kh3 41. Ke3 Bc6 42. Rxa7 Kxh2 43. Rh7 Bd7 44. Kf3 Be8 45. Rxh6+ 1-0

[Event "Wuerttemberg-ch Seniors 13th"]
[Site "Ellwangen"]
[Date "2001.??.??"]
[Round "3"]
[White "Augustat, Siegfried"]
[Black "Salomon, Heide"]
[Result "1-0"]
[WhiteElo "1851"]
[BlackElo "1675"]
[PlyCount "139"]
[EventDate "2001.04.??"]
[EventType "swiss"]
[EventRounds "9"]
[EventCountry "GER"]
[SourceTitle "EXT 2006"]
[Source "ChessBase"]
[SourceDate "2005.11.24"]
[SourceVersion "1"]
[SourceVersionDate "2005.11.24"]
[SourceQuality "1"]

1. e4 e5 2. Nf3 Nf6 3. Nxe5 d6 4. Nf3 Nxe4 5. Qe2 Qe7 6. d3 Nc5 7. Nc3 Be6 8. d4 Ncd7 9. Nb5 Na6 10. Bf4 g6 11. Ng5 Bg7 12. Nxe6 fxe6 13. 0-0-0 0-0 14. Bg3 Qf6 15. c3 Nb6 16. Re1 Rae8 17. Qc2 c6 18. Nxd6 Qe7 19. Nxe8 Rxe8 20. Bd3 Nd5 21. Re2 c5 22. Bc4 cxd4 23. Bxd5 Qg5+ 24. Kb1 Qxd5 25. cxd4 Nb4 26. Qb3 Qf5+ 27. Ka1 Nc6 28. Qc2 Qd5 29. Qe4 Qa5 30. Be5 Bxe5 31. dxe5 Rd8 32. Qc4 Nd4 33. Re4 Qd2 34. Rc1 b5 35. Qc7 Rf8 36. Qc3 Qxc3 37. Rxc3 Rxf2 38. a3 Nf5 39. Rc8+ Kg7 40. Rc7+ Kh6 41. g4 Nh4 42. Rxa7 Rxh2 43. g5+ Kxg5 44. Rxh7 Rh1+ 45. Ka2 Rh3 46. Rb4 Rh2 47. Rxb5 Kf5 48. Rf7+ Ke4 49. Rf6 g5 50. Rxe6 g4 51. Rb3 Nf5 52. Rg6 Rh4 53. e6 Ne7 54. Rg7 Nf5 55. Rg8 Ke5 56. Re3+ Nxe3 57. e7 Rh7 58. e8Q+ Kd4 59. Qa4+ Kd3 60. Qb3+ Ke2 61. Re8 Rh3 62. Qb5+ Kf3 63. Qc6+ Kf2 64. Rf8+ Ke2 65. Qc1 g3 66. Qg1 Ng4 67. Re8+ Kf3 68. Qf1+ Nf2 69. Rf8+ Kg4 70. Rxf2 1-0

[Event "Wuerttemberg-ch Seniors 13th"]
[Site "Ellwangen"]
[Date "2001.??.??"]
[Round "8"]
[White "Salomon, Heide"]
[Black "Mayer, Bodo"]
[Result "1-0"]
[WhiteElo "1675"]
[BlackElo "1712"]
[PlyCount "53"]
[EventDate "2001.04.??"]
[EventType "swiss"]
[EventRounds "9"]
[EventCountry "GER"]
[SourceTitle "EXT 2006"]
[Source "ChessBase"]
[SourceDate "2005.11.24"]
[SourceVersion "1"]
[SourceVersionDate "2005.11.24"]
[SourceQuality "1"]

1. e4 e6 2. f4 d5 3. e5 c5 4. Nf3 Be7 5. Bb5+ Nc6 6. 0-0 f5 7. d4 g6 8. Be3 cxd4 9. Nxd4 Bd7 10. Bxc6 Bxc6 11. Nxe6 Qd7 12. Ng7+ Kf8 13. Bd4 b6 14. e6 Qd8 15. Nxf5 Nf6 16. Nh6 Rg8 17. Nxg8 Kxg8 18. f5 Bc5 19. Bxc5 bxc5 20. Nc3 Kg7 21. Qe2 d4 22. Rad1 Qe7 23. Qa6 Bb7 24. Qd3 dxc3 25. fxg6 hxg6 26. Qxc3 Qxe6 27. Rxf6 1-0